| 000 | 01167nam a2200229Ia 4500 | ||
|---|---|---|---|
| 001 | L100-51452 | ||
| 003 | IT-CnALBA | ||
| 008 | 170116s9999||||xx |||||||||||||| ||und|| | ||
| 040 |
_aIT-CnALBA _cIT-CnALBA |
||
| 041 | _aITALIANO | ||
| 100 | _aDEVINE GEORGE | ||
| 245 | 0 | _aGLI AFFARI HANNO UN'ANIMA? 101 DOMANDE SULL'ETICA COMMERCIALE. | |
| 250 | _a1a ed. | ||
| 260 |
_a MILANO - TORINO _bSAN PAOLO ED. _c1999 [1° Ed.:1999 - Ed.Ling.Originale: 1999] |
||
| 300 | _a160 p. | ||
| 500 | _aTRADUZIONE DALL'INGLESE. NATURA E SCOPO DELL'ETICA COMMERCIALE. IMPORTAMZA E IMPATTO. ALL'INTERNO DELLE PROFESSIONI. DEL MERCATO. DEL POSTO DI LAVORO. AZIONISTI E COINTERESSATI. RESPONSABILITÀ GLOBALE. SGUARDO AL FUTURO. | ||
| 501 | _aSocietà San Paolo EM - Piazza San Paolo, 14 - 12051 ALBA (CN) (non commercial uses only) ® Copyright 2017 | ||
| 520 | _aTRADUZIONE DALL'INGLESE. NATURA E SCOPO DELL'ETICA COMMERCIALE. IMPORTAMZA E IMPATTO. ALL'INTERNO DELLE PROFESSIONI. DEL MERCATO. DEL POSTO DI LAVORO. AZIONISTI E COINTERESSATI. RESPONSABILITÀ GLOBALE. SGUARDO AL FUTURO. | ||
| 650 | _aFILOSOFIA E DISCIPLINE COLLEGATE | ||
| 942 | _cBK | ||
| 957 | _71 | ||
| 999 |
_a63085 _bNO _g Copie: 1 _c310328 _d310328 |
||